A hagyományőrzés mestere
Elmentve itt :
| Szerzők: | |
|---|---|
| Dokumentumtípus: | Cikk |
| Megjelent: |
1977-12-11
|
| Sorozat: | Délmagyarország
67 No. 291 |
| Kulcsszavak: | Kurucz D. István, Hódmezővásárhely, Festészet Hódmezővásárhely, Festészet kiállítás Budapest |
| Online Access: | http://dmarchiv.bibl.u-szeged.hu/85180 |
| LEADER | 00572nab a2200169 i 4500 | ||
|---|---|---|---|
| 001 | delm85180 | ||
| 005 | 20190613152939.0 | ||
| 008 | 190514s1977 hu o 0|| hun d | ||
| 040 | |a SZTE Délmagyarország Archívum |b hun | ||
| 041 | |a hun | ||
| 100 | 1 | |a Tandi Lajos | |
| 245 | 1 | 2 | |a A hagyományőrzés mestere |h [elektronikus dokumentum] / |c Tandi Lajos |
| 260 | |c 1977-12-11 | ||
| 300 | |a 4 | ||
| 490 | 0 | |a Délmagyarország |v 67 No. 291 | |
| 695 | |a Kurucz D. István, Hódmezővásárhely, Festészet Hódmezővásárhely, Festészet kiállítás Budapest | ||
| 700 | 0 | 2 | |a Kurucz D. István |e aut |